Innovation Management: Strategy and implementation using the pentathlon framework (Record no. 9583)

MARC details
000 -LEADER
fixed length control field 00721nam a2200229 4500
003 - CONTROL NUMBER IDENTIFIER
control field OSt
005 - DATE AND TIME OF LATEST TRANSACTION
control field 20251022153440.0
008 - FIXED-LENGTH DATA ELEMENTS--GENERAL INFORMATION
fixed length control field 251022b |||||||| |||| 00| 0 eng d
020 ## - INTERNATIONAL STANDARD BOOK NUMBER
International Standard Book Number 9781403912602
040 ## - CATALOGING SOURCE
Transcribing agency MUST
082 ## - DEWEY DECIMAL CLASSIFICATION NUMBER
Classification number 658.4063 GOF 2005
110 ## - MAIN ENTRY--CORPORATE NAME
Relator code Goffin Keith
245 ## - TITLE STATEMENT
Title Innovation Management: Strategy and implementation using the pentathlon framework
260 ## - PUBLICATION, DISTRIBUTION, ETC. (IMPRINT)
Place of publication, distribution, etc. UK
Name of publisher, distributor, etc. Palgrave macmillan
Date of publication, distribution, etc. c2005
300 ## - PHYSICAL DESCRIPTION
Extent xix, 409p.
Other physical details ill.
Dimensions 25cm.
440 ## - SERIES STATEMENT/ADDED ENTRY--TITLE
Title Strategy and implementation using the pentathlon framework
9 (RLIN) 19493
504 ## - BIBLIOGRAPHY, ETC. NOTE
Bibliography, etc includes appendix
650 ## - SUBJECT ADDED ENTRY--TOPICAL TERM
Source of heading or term Innovation Management
650 ## - SUBJECT ADDED ENTRY--TOPICAL TERM
Source of heading or term pentathlon framework
700 ## - ADDED ENTRY--PERSONAL NAME
Personal name Keith Goffin, Rick Mitchell
9 (RLIN) 19494
942 ## - ADDED ENTRY ELEMENTS (KOHA)
Source of classification or shelving scheme Dewey Decimal Classification
Koha item type Open Shelf
Holdings
Withdrawn status Lost status Source of classification or shelving scheme Damaged status Not for loan Home library Current library Date acquired Source of acquisition Inventory number Total Checkouts Full call number Barcode Date last seen Price effective from Koha item type
    Dewey Decimal Classification     MUST Main Library MUST Main Library 22/10/2025 Donation 11/33245   658.4063 GOF 2005 2025-0165 22/10/2025 22/10/2025 Open Shelf